Ten great economists: From Marx to Keynes (Record no. 20824)

MARC details
000 -LEADER
fixed length control field 00288nam a2200109Ia 4500
082 ## - DEWEY DECIMAL CLASSIFICATION NUMBER
Classification number 330.8
Item number SCH
100 ## - MAIN ENTRY--AUTHOR NAME
Personal name SCHUMPETER, Joseph A
245 #0 - TITLE STATEMENT
Title Ten great economists: From Marx to Keynes
260 ## - PUBLICATION, DISTRIBUTION, ETC. (IMPRINT)
Place of publication New York
Name of publisher Oxford
Year of publication 1965
942 ## - ADDED ENTRY ELEMENTS (KOHA)
Koha item type Books
Holdings
Withdrawn status Lost status Damaged status Not for loan Home library Current library Date acquired Full call number Accession Number Koha item type
        RRII Library RRII Library 16/12/2021 330.8 SCH 01546 Books